000
00325nam a22001457a 4500
008
230328b ||||| |||| 00| 0 eng d
020
_a
7093991
041
_a
eng
080
_2
FOURTH EDITION
_a
159.9
082
_a
159.9ZEM
100
_a
25
101
_a
PSI
245
_a
UNIVERSITY PHYSICS
_c
ZEMANSKY.S
942
_2
udc
_c
BK
999
_c
59468
_d
59468